Statistics for Countries of Northern Africa

Click here to take the quiz!

General Stats

  • This quiz has been taken 16 times
  • The average score is 5 of 7

Answer Stats

CapitalCountry% Correct
RabatMorocco
93%
AlgiersAlgeria
86%
CairoEgypt
86%
TunisTunisia
86%
TripoliLibya
79%
KhartoumSudan
64%
LaayouneWestern Sahara
21%

Score Distribution

Percentile by Number Answered

Percent of People with Each Score

Your Score History

You have not taken this quiz